[Event "31st Klatovy A 2025"]
[Site "Klatovy CZE"]
[Date "2025.07.02"]
[Round "5.2"]
[White "Horak, Martin"]
[Black "Vitak, Jiri"]
[Result "1/2-1/2"]
[WhiteElo "2324"]
[BlackElo "2308"]
[PlyCount "96"]
[EventDate "2025.06.28"]
[EventType "swiss"]
[EventRounds "9"]
[EventCountry "CZE"]

1. e4 {[%emt 0:00:03]} c5 {[%emt 0:00:06]} 2. Nf3 {[%emt 0:00:09]} d6 {[%emt 0:00:06]} 3. d4 {[%emt 0:00:23]} cxd4 {[%emt 0:00:14]} 4. Nxd4 {[%emt 0:00:05]} Nf6 {[%emt 0:00:05]} 5. Nc3 {[%emt 0:00:08]} a6 {[%emt 0:00:05]} 6. f3 {[%emt 0:00:48]} e5 {[%emt 0:02:15]} 7. Nb3 {[%emt 0:00:05]} Be6 {[%emt 0:00:22]} 8. Be3 {[%emt 0:00:07]} h5 {[%emt 0:07:36]} 9. Nd5 {[%emt 0:00:47]} Bxd5 {[%emt 0:01:29]} 10. exd5 {[%emt 0:00:05]} Nbd7 {[%emt 0:00:03]} 11. Qd2 {[%emt 0:01:21]} Qc7 {[%emt 0:00:38]} 12. O-O-O {[%emt 0:00:32]} Be7 {[%emt 0:07:44]} 13. c4 {[%emt 0:04:49]} b6 {[%emt 0:10:40]} 14. Kb1 {[%emt 0:01:12]} g6 {[%emt 0:02:49]} 15. Na1 {[%emt 0:04:28]} Kf8 {[%emt 0:16:44]} 16. Nc2 {[%emt 0:05:00]} a5 {[%emt 0:00:47]} 17. Na3 {[%emt 0:00:44]} Nc5 {[%emt 0:00:11]} 18. Nb5 {[%emt 0:05:51]} Qd7 {[%emt 0:00:11]} 19. Be2 {[%emt 0:03:06]} Kg7 {[%emt 0:00:17]} 20. Rdg1 {[%emt 0:19:35]} h4 {[%emt 0:04:16]} 21. g4 {[%emt 0:04:12]} hxg3 {[%emt 0:10:37]} 22. hxg3 {[%emt 0:00:49]} Rxh1 {[%emt 0:00:05]} 23. Rxh1 {[%emt 0:00:04]} Rh8 {[%emt 0:00:12]} 24. Rxh8 {[%emt 0:03:32]} Kxh8 {[%emt 0:00:04]} 25. g4 {[%emt 0:00:42]} Kg8 {[%emt 0:03:18]} 26. a3 {[%emt 0:04:52]} Qc8 {[%emt 0:05:13]} 27. b4 {[%emt 0:04:28]} axb4 {[%emt 0:00:13]} 28. axb4 {[%emt 0:00:04]} Ncd7 {[%emt 0:00:06]} 29. Qa2 {[%emt 0:01:47]} e4 {[%emt 0:05:59]} 30. f4 {[%emt 0:02:13]} Nf8 {[%emt 0:00:28]} 31. Qa7 {[%emt 0:03:23]} Nxg4 {[%emt 0:00:26]} 32. Qxe7 {[%emt 0:01:04]} Nxe3 {[%emt 0:00:09]} 33. Qxe4 {[%emt 0:07:20]} Nf5 {[%emt 0:01:11]} 34. Bg4 {[%emt 0:01:24]} Qa6 {[%emt 0:04:09]} 35. Bxf5 {[%emt 0:05:00]} gxf5 {[%emt 0:00:17]} 36. Qxf5 {[%emt 0:03:12]} Qa4 {[%emt 0:00:11]} 37. Qg4+ {[%emt 0:00:14]} Kh7 {[%emt 0:07:32]} 38. Qh3+ {[%emt 0:00:42]} Kg8 {[%emt 0:00:33]} 39. Qc3 {[%emt 0:05:05]} Qd1+ {[%emt 0:00:33]} 40. Kb2 {[%emt 0:00:17]} Qf1 {[%emt 0:02:18]} 41. Nxd6 {[%emt 0:02:01]} Qxf4 {[%emt 0:00:12]} 42. Ne8 {[%emt 0:00:15]} f6 {[%emt 0:01:18]} 43. Qe1 {[%emt 0:21:42]} Kf7 {[%emt 0:23:56]} 44. Qe2 {[%emt 0:00:50]} b5 {[%emt 0:00:32]} 45. d6 {[%emt 0:04:56]} Ng6 {[%emt 0:01:08]} 46. cxb5 {[%emt 0:05:16]} Qxb4+ {[%emt 0:00:29]} 47. Kc2 {[%emt 0:00:07]} Qc5+ {[%emt 0:01:37]} 48. Kb3 {[%emt 0:01:47]} Qd5+ 1/2-1/2

[Event "31st Klatovy A 2025"]
[Site "Klatovy CZE"]
[Date "2025.07.02"]
[Round "5.3"]
[White "Pirklova, Hana"]
[Black "Janous, Marek"]
[Result "1/2-1/2"]
[WhiteElo "2048"]
[BlackElo "2220"]
[PlyCount "46"]
[EventDate "2025.06.28"]
[EventType "swiss"]
[EventRounds "9"]
[EventCountry "CZE"]

1. e4 {[%emt 0:00:04]} c5 {[%emt 0:00:29]} 2. Nf3 {[%emt 0:00:05]} Nc6 {[%emt 0:00:05]} 3. d4 {[%emt 0:00:06]} cxd4 {[%emt 0:00:06]} 4. Nxd4 {[%emt 0:00:05]} e5 {[%emt 0:00:49]} 5. Nb5 {[%emt 0:01:30]} d6 {[%emt 0:00:08]} 6. N1c3 {[%emt 0:00:35]} a6 {[%emt 0:00:09]} 7. Na3 {[%emt 0:00:03]} Be6 {[%emt 0:01:21]} 8. Nc4 {[%emt 0:01:48]} Rb8 {[%emt 0:00:48]} 9. Ne3 {[%emt 0:00:54]} Nf6 {[%emt 0:07:16]} 10. g3 {[%emt 0:02:37]} g6 {[%emt 0:08:51]} 11. Bg2 {[%emt 0:03:51]} Bg7 {[%emt 0:01:36]} 12. O-O {[%emt 0:00:45]} Qd7 {[%emt 0:26:52]} 13. Ncd5 {[%emt 0:39:03]} Bxd5 {[%emt 0:05:59]} 14. Nxd5 {[%emt 0:00:08]} Nxd5 {[%emt 0:00:49]} 15. Qxd5 {[%emt 0:00:06]} O-O {[%emt 0:04:10]} 16. Be3 {[%emt 0:03:12]} Nd4 {[%emt 0:10:14]} 17. c3 {[%emt 0:09:55]} Nc2 {[%emt 0:06:20]} 18. Rad1 {[%emt 0:00:07]} Nxe3 {[%emt 0:00:05]} 19. fxe3 {[%emt 0:00:03]} Rbd8 {[%emt 0:01:43]} 20. h4 {[%emt 0:07:28]} Qc6 {[%emt 0:29:31]} 21. Qxc6 {[%emt 0:20:37]} bxc6 {[%emt 0:00:18]} 22. Rd3 {[%emt 0:00:09]} Rfe8 {[%emt 0:01:16]} 23. Rfd1 {[%emt 0:00:30]} Bf8 {[%emt 0:01:56]} 1/2-1/2

[Event "31st Klatovy A 2025"]
[Site "Klatovy CZE"]
[Date "2025.07.02"]
[Round "5.4"]
[White "Kroulik, Vaclav"]
[Black "Pecka, Jan"]
[Result "1-0"]
[WhiteElo "2088"]
[BlackElo "2140"]
[PlyCount "91"]
[EventDate "2025.06.28"]
[EventType "swiss"]
[EventRounds "9"]
[EventCountry "CZE"]

1. e4 {[%emt 0:00:02]} d5 {[%emt 0:04:22]} 2. exd5 {[%emt 0:00:15]} Qxd5 {[%emt 0:00:05]} 3. Nc3 {[%emt 0:00:14]} Qe5+ {[%emt 0:00:07]} 4. Be2 {[%emt 0:00:51]} Bg4 {[%emt 0:00:07]} 5. d4 {[%emt 0:01:04]} Bxe2 {[%emt 0:00:06]} 6. Ngxe2 {[%emt 0:00:26]} Qa5 {[%emt 0:00:25]} 7. O-O {[%emt 0:02:33]} Nf6 {[%emt 0:01:45]} 8. Re1 {[%emt 0:08:11]} Nc6 {[%emt 0:01:08]} 9. Qd3 {[%emt 0:11:47]} O-O-O {[%emt 0:06:31]} 10. Qc4 {[%emt 0:05:18]} e6 {[%emt 0:24:20]} 11. Bd2 {[%emt 0:11:28]} Qf5 {[%emt 0:09:02]} 12. Bf4 {[%emt 0:15:07]} g5 {[%emt 0:11:24]} 13. Be3 {[%emt 0:08:59]} h5 {[%emt 0:31:16]} 14. a3 {[%emt 0:16:18]} h4 {[%emt 0:12:32]} 15. Rad1 {[%emt 0:27:59]} h3 {[%emt 0:01:56]} 16. Ng3 {[%emt 0:00:12]} Qg4 {[%emt 0:00:15]} 17. Qe2 {[%emt 0:00:52]} Qh4 {[%emt 0:00:45]} 18. f3 {[%emt 0:01:57]} Bd6 {[%emt 0:04:28]} 19. Qf2 {[%emt 0:01:14]} hxg2 {[%emt 0:00:09]} 20. Qxg2 {[%emt 0:00:20]} Bf4 {[%emt 0:01:43]} 21. Bf2 {[%emt 0:01:08]} g4 {[%emt 0:02:00]} 22. Rd3 {[%emt 0:00:41]} gxf3 {[%emt 0:00:23]} 23. Rxf3 {[%emt 0:00:39]} Nxd4 {[%emt 0:00:16]} 24. Bxd4 {[%emt 0:01:19]} Rxd4 {[%emt 0:00:10]} 25. Nce2 {[%emt 0:00:37]} Bxg3 {[%emt 0:04:25]} 26. hxg3 {[%emt 0:00:30]} Qe4 {[%emt 0:01:18]} 27. Rxf6 {[%emt 0:00:31]} Qe5 {[%emt 0:00:08]} 28. Rxf7 {[%emt 0:04:07]} Rd2 {[%emt 0:00:14]} 29. Qf2 {[%emt 0:01:00]} b6 {[%emt 0:00:39]} 30. Rf8+ {[%emt 0:01:07]} Rxf8 {[%emt 0:00:12]} 31. Qxf8+ {[%emt 0:00:04]} Kb7 {[%emt 0:00:07]} 32. Qf3+ {[%emt 0:00:11]} Kb8 {[%emt 0:00:17]} 33. Qf8+ {[%emt 0:00:11]} Kb7 {[%emt 0:00:06]} 34. Qf3+ {[%emt 0:00:02]} Kb8 {[%emt 0:00:06]} 35. Qc3 {[%emt 0:04:20]} Qd5 {[%emt 0:01:17]} 36. Nf4 {[%emt 0:00:58]} Qd7 {[%emt 0:00:07]} 37. Rxe6 {[%emt 0:00:53]} Rd4 {[%emt 0:00:31]} 38. Re3 {[%emt 0:01:04]} Rd1+ {[%emt 0:01:10]} 39. Kg2 {[%emt 0:00:42]} Rd2+ {[%emt 0:01:11]} 40. Re2 {[%emt 0:00:14]} Rd1 {[%emt 0:00:05]} 41. Qe3 {[%emt 0:01:38]} Qc6+ {[%emt 0:01:15]} 42. Qe4 {[%emt 0:00:08]} Qd6 {[%emt 0:00:20]} 43. Qe8+ {[%emt 0:00:20]} Kb7 {[%emt 0:00:01]} 44. Qe4+ {[%emt 0:00:06]} Kb8 {[%emt 0:00:03]} 45. Qf3 {[%emt 0:00:29]} Qd7 {[%emt 0:00:36]} 46. Re8+ {[%emt 0:00:18]} 1-0

[Event "31st Klatovy A 2025"]
[Site "Klatovy CZE"]
[Date "2025.07.02"]
[Round "5.5"]
[White "Tvrdik, Daniel"]
[Black "Svadlenka, Dominik"]
[Result "1-0"]
[WhiteElo "2140"]
[BlackElo "2086"]
[PlyCount "125"]
[EventDate "2025.06.28"]
[EventType "swiss"]
[EventRounds "9"]
[EventCountry "CZE"]

1. e4 {[%emt 0:00:03]} c5 {[%emt 0:00:03]} 2. a3 {[%emt 0:00:36]} b6 {[%emt 0:09:05]} 3. Nc3 {[%emt 0:03:33]} Bb7 {[%emt 0:02:19]} 4. Bc4 {[%emt 0:01:49]} Nc6 {[%emt 0:01:09]} 5. Nf3 {[%emt 0:09:11]} g6 {[%emt 0:04:17]} 6. O-O {[%emt 0:05:21]} Bg7 {[%emt 0:00:44]} 7. d3 {[%emt 0:01:04]} d6 {[%emt 0:04:23]} 8. Ng5 {[%emt 0:06:39]} e6 {[%emt 0:04:06]} 9. Bxe6 {[%emt 0:13:47]} fxe6 {[%emt 0:01:06]} 10. Nxe6 {[%emt 0:00:06]} Qd7 {[%emt 0:03:53]} 11. Nd5 {[%emt 0:03:13]} Rc8 {[%emt 0:01:32]} 12. Qg4 {[%emt 0:04:16]} Nd8 {[%emt 0:22:44]} 13. Nxg7+ {[%emt 0:10:33]} Qxg7 {[%emt 0:00:07]} 14. Bd2 {[%emt 0:15:01]} h5 {[%emt 0:27:27]} 15. Qh3 {[%emt 0:06:15]} Qf7 {[%emt 0:04:15]} 16. Bc3 {[%emt 0:05:42]} Rh7 {[%emt 0:00:28]} 17. f4 {[%emt 0:01:41]} Bxd5 {[%emt 0:02:35]} 18. Qxc8 {[%emt 0:03:08]} Be6 {[%emt 0:00:17]} 19. Qa6 {[%emt 0:00:34]} Qb7 {[%emt 0:00:57]} 20. Qxb7 {[%emt 0:01:33]} Rxb7 {[%emt 0:00:48]} 21. Rae1 {[%emt 0:03:11]} Kd7 {[%emt 0:02:20]} 22. f5 {[%emt 0:01:12]} gxf5 {[%emt 0:00:48]} 23. exf5 {[%emt 0:00:11]} Bf7 {[%emt 0:00:35]} 24. h3 {[%emt 0:00:42]} d5 {[%emt 0:03:19]} 25. g4 {[%emt 0:02:01]} hxg4 {[%emt 0:00:44]} 26. hxg4 {[%emt 0:00:06]} d4 {[%emt 0:02:03]} 27. Bd2 {[%emt 0:00:07]} Nc6 {[%emt 0:12:11]} 28. Kh2 {[%emt 0:04:20]} Nge7 {[%emt 0:02:20]} 29. Kg3 {[%emt 0:00:56]} Rb8 {[%emt 0:01:30]} 30. g5 {[%emt 0:04:10]} Bd5 {[%emt 0:01:37]} 31. Kg4 {[%emt 0:00:57]} Rh8 {[%emt 0:01:54]} 32. Rf2 {[%emt 0:01:42]} b5 {[%emt 0:02:38]} 33. g6 {[%emt 0:03:15]} c4 {[%emt 0:01:23]} 34. Bg5 {[%emt 0:02:34]} cxd3 {[%emt 0:01:40]} 35. cxd3 {[%emt 0:00:44]} Rg8 {[%emt 0:00:23]} 36. Bxe7 {[%emt 0:00:50]} Nxe7 {[%emt 0:00:12]} 37. Kg5 {[%emt 0:02:25]} Nc6 {[%emt 0:01:11]} 38. f6 {[%emt 0:03:55]} Bf7 {[%emt 0:00:10]} 39. g7 {[%emt 0:00:30]} Kd6 {[%emt 0:05:46]} 40. Rfe2 {[%emt 0:03:09]} a5 {[%emt 0:01:01]} 41. Kh6 {[%emt 0:01:34]} b4 {[%emt 0:01:04]} 42. Re8 {[%emt 0:01:56]} bxa3 {[%emt 0:01:11]} 43. bxa3 {[%emt 0:00:23]} Bxe8 {[%emt 0:00:42]} 44. Rxe8 {[%emt 0:00:13]} Rxe8 {[%emt 0:00:56]} 45. f7 {[%emt 0:00:16]} Re6+ {[%emt 0:00:05]} 46. Kg5 {[%emt 0:01:03]} Ne7 {[%emt 0:01:41]} 47. f8=Q {[%emt 0:00:35]} Rg6+ {[%emt 0:00:13]} 48. Kh5 {[%emt 0:02:28]} Rg1 {[%emt 0:00:11]} 49. Qf4+ {[%emt 0:00:41]} Ke6 {[%emt 0:01:12]} 50. Qxd4 {[%emt 0:01:01]} Rh1+ {[%emt 0:00:22]} 51. Kg4 {[%emt 0:00:25]} Kf7 {[%emt 0:00:19]} 52. Kf3 {[%emt 0:00:48]} Rh3+ {[%emt 0:00:30]} 53. Ke2 {[%emt 0:00:55]} Rh2+ {[%emt 0:00:30]} 54. Kd1 {[%emt 0:00:54]} Rg2 {[%emt 0:00:29]} 55. Qc3 {[%emt 0:00:59]} Rxg7 {[%emt 0:00:56]} 56. Qxa5 {[%emt 0:00:08]} Rg6 {[%emt 0:01:03]} 57. Kd2 {[%emt 0:00:23]} Rd6 {[%emt 0:00:07]} 58. a4 {[%emt 0:00:35]} Ke6 {[%emt 0:00:11]} 59. Qb5 {[%emt 0:00:22]} Rd5 {[%emt 0:01:14]} 60. Qb6+ {[%emt 0:00:39]} Kd7 {[%emt 0:00:28]} 61. a5 {[%emt 0:00:29]} Nc6 {[%emt 0:00:23]} 62. a6 {[%emt 0:00:17]} Ra5 {[%emt 0:00:38]} 63. Qxa5 {[%emt 0:00:21]} 1-0

[Event "31st Klatovy A 2025"]
[Site "Klatovy CZE"]
[Date "2025.07.02"]
[Round "5.6"]
[White "Vltavsky, Vladimir"]
[Black "Hosnedl, Jiri"]
[Result "1/2-1/2"]
[WhiteElo "2122"]
[BlackElo "1985"]
[PlyCount "51"]
[EventDate "2025.06.28"]
[EventType "swiss"]
[EventRounds "9"]
[EventCountry "CZE"]

1. Nf3 {[%emt 0:14:09]} Nf6 {[%emt 0:00:36]} 2. d4 {[%emt 0:00:15]} e6 {[%emt 0:00:47]} 3. c4 {[%emt 0:01:06]} d5 {[%emt 0:01:02]} 4. e3 {[%emt 0:01:00]} Be7 {[%emt 0:02:13]} 5. Nc3 {[%emt 0:01:51]} O-O {[%emt 0:01:03]} 6. a3 {[%emt 0:01:14]} b6 {[%emt 0:02:56]} 7. cxd5 {[%emt 0:04:43]} exd5 {[%emt 0:00:13]} 8. b4 {[%emt 0:02:00]} Bg4 {[%emt 0:05:25]} 9. Be2 {[%emt 0:02:15]} c6 {[%emt 0:05:55]} 10. h3 {[%emt 0:02:56]} Bh5 {[%emt 0:01:29]} 11. g4 {[%emt 0:02:03]} Bg6 {[%emt 0:00:22]} 12. Ne5 {[%emt 0:00:07]} Nfd7 {[%emt 0:11:53]} 13. Nxg6 {[%emt 0:00:53]} hxg6 {[%emt 0:01:30]} 14. b5 {[%emt 0:02:11]} Nf6 {[%emt 0:04:06]} 15. g5 {[%emt 0:11:52]} Ne4 {[%emt 0:08:19]} 16. Nxe4 {[%emt 0:00:22]} dxe4 {[%emt 0:00:14]} 17. h4 {[%emt 0:01:05]} cxb5 {[%emt 0:06:41]} 18. Bxb5 {[%emt 0:00:33]} Qd5 {[%emt 0:06:11]} 19. Ba4 {[%emt 0:08:52]} Nc6 {[%emt 0:05:02]} 20. Bb3 {[%emt 0:00:32]} Qf5 {[%emt 0:02:15]} 21. h5 {[%emt 0:03:26]} Qxg5 {[%emt 0:07:27]} 22. hxg6 {[%emt 0:00:07]} Qxg6 {[%emt 0:00:58]} 23. Bb2 {[%emt 0:00:31]} Rfd8 {[%emt 0:08:42]} 24. Qe2 {[%emt 0:03:54]} Rac8 {[%emt 0:08:11]} 25. Ba2 {[%emt 0:15:06]} Bf6 {[%emt 0:10:08]} 26. Rc1 1/2-1/2

[Event "31st Klatovy A 2025"]
[Site "Klatovy CZE"]
[Date "2025.07.02"]
[Round "5.7"]
[White "Jun, Rudolf"]
[Black "Palek, Miroslav"]
[Result "1-0"]
[WhiteElo "2279"]
[BlackElo "2046"]
[PlyCount "85"]
[EventDate "2025.06.28"]
[EventType "swiss"]
[EventRounds "9"]
[EventCountry "CZE"]

1. e4 {[%emt 0:00:04]} c5 {[%emt 0:00:30]} 2. Nf3 {[%emt 0:00:16]} d6 {[%emt 0:00:32]} 3. Bb5+ {[%emt 0:00:17]} Nd7 {[%emt 0:00:17]} 4. O-O {[%emt 0:00:08]} a6 {[%emt 0:00:18]} 5. Bd3 {[%emt 0:00:39]} Ngf6 {[%emt 0:00:19]} 6. c3 {[%emt 0:00:10]} e5 {[%emt 0:00:38]} 7. Bc2 {[%emt 0:00:34]} Be7 {[%emt 0:00:31]} 8. d4 {[%emt 0:00:42]} b5 {[%emt 0:00:59]} 9. a4 {[%emt 0:00:57]} Bb7 {[%emt 0:00:33]} 10. Qe2 {[%emt 0:01:08]} O-O {[%emt 0:11:21]} 11. Rd1 {[%emt 0:00:07]} Qc7 {[%emt 0:00:31]} 12. dxe5 {[%emt 0:02:19]} Nxe5 {[%emt 0:02:22]} 13. Nxe5 {[%emt 0:00:53]} dxe5 {[%emt 0:00:10]} 14. axb5 {[%emt 0:00:30]} axb5 {[%emt 0:03:30]} 15. Rxa8 {[%emt 0:00:05]} Rxa8 {[%emt 0:00:18]} 16. Na3 {[%emt 0:04:26]} b4 {[%emt 0:01:58]} 17. Nc4 {[%emt 0:00:57]} bxc3 {[%emt 0:00:33]} 18. bxc3 {[%emt 0:00:10]} Ra2 {[%emt 0:03:00]} 19. Bb2 {[%emt 0:02:37]} Bc6 {[%emt 0:05:59]} 20. Bb3 {[%emt 0:08:14]} Ra8 {[%emt 0:00:33]} 21. f3 {[%emt 0:00:13]} Qb8 {[%emt 0:05:49]} 22. Qc2 {[%emt 0:03:16]} Nd7 {[%emt 0:03:45]} 23. Kh1 {[%emt 0:07:50]} Nb6 {[%emt 0:00:50]} 24. Ra1 {[%emt 0:04:03]} Rxa1+ {[%emt 0:00:40]} 25. Bxa1 {[%emt 0:00:14]} Nxc4 {[%emt 0:04:39]} 26. Bxc4 {[%emt 0:00:08]} Qa7 {[%emt 0:00:58]} 27. Bb2 {[%emt 0:01:02]} Qa4 {[%emt 0:03:04]} 28. Qd3 {[%emt 0:00:39]} Qa8 {[%emt 0:00:51]} 29. g3 {[%emt 0:01:43]} Kf8 {[%emt 0:03:57]} 30. Kg2 {[%emt 0:02:53]} Qb7 {[%emt 0:00:57]} 31. Bc1 {[%emt 0:01:53]} Qd7 {[%emt 0:00:24]} 32. Bd5 {[%emt 0:00:29]} Bxd5 {[%emt 0:02:53]} 33. exd5 {[%emt 0:00:15]} f5 {[%emt 0:00:12]} 34. c4 {[%emt 0:01:25]} Bd6 {[%emt 0:02:30]} 35. h4 {[%emt 0:07:15]} g6 {[%emt 0:02:21]} 36. Qa3 {[%emt 0:04:24]} Ke8 {[%emt 0:01:20]} 37. Be3 {[%emt 0:02:51]} Qc7 {[%emt 0:02:19]} 38. Qa8+ {[%emt 0:01:23]} Qd8 {[%emt 0:00:31]} 39. Qa1 Qe7 40. Bg5 {[%emt 0:07:16]} Qc7 {[%emt 0:03:39]} 41. Qa8+ {[%emt 0:01:06]} Qb8 {[%emt 0:01:12]} 42. Qc6+ {[%emt 0:00:26]} Kf8 {[%emt 0:00:48]} 43. Qd7 {[%emt 0:00:10]} 1-0

[Event "31st Klatovy A 2025"]
[Site "Klatovy CZE"]
[Date "2025.07.02"]
[Round "5.8"]
[White "Krivanek, Vladimir"]
[Black "Slaby, Matej"]
[Result "1-0"]
[WhiteElo "2172"]
[BlackElo "2056"]
[PlyCount "59"]
[EventDate "2025.06.28"]
[EventType "swiss"]
[EventRounds "9"]
[EventCountry "CZE"]

1. e4 {[%emt 0:02:14]} d6 {[%emt 0:00:08]} 2. d4 Nf6 3. Nc3 c6 4. f4 Qa5 5. Bd3 {[%emt 0:02:08]} e5 {[%emt 0:00:06]} 6. Nf3 {[%emt 0:03:01]} exd4 7. Nxd4 {[%emt 0:00:14]} g6 {[%emt 0:00:10]} 8. Be3 {[%emt 0:01:21]} Bg7 {[%emt 0:02:17]} 9. Qd2 {[%emt 0:02:15]} O-O {[%emt 0:02:14]} 10. h3 {[%emt 0:03:46]} Nbd7 {[%emt 0:06:13]} 11. O-O {[%emt 0:02:28]} Re8 {[%emt 0:01:01]} 12. Rae1 {[%emt 0:03:19]} Qc7 {[%emt 0:01:33]} 13. b4 {[%emt 0:08:56]} a5 {[%emt 0:07:45]} 14. a3 {[%emt 0:01:47]} axb4 {[%emt 0:04:07]} 15. axb4 {[%emt 0:00:08]} b5 {[%emt 0:02:47]} 16. Qf2 {[%emt 0:05:49]} Bb7 {[%emt 0:04:38]} 17. Kh1 {[%emt 0:13:39]} Qb8 {[%emt 0:04:46]} 18. Nb3 {[%emt 0:08:47]} Ng4 {[%emt 0:04:18]} 19. hxg4 {[%emt 0:00:28]} Bxc3 {[%emt 0:00:06]} 20. Bd2 {[%emt 0:01:37]} Bxd2 {[%emt 0:00:31]} 21. Nxd2 {[%emt 0:01:27]} Qa7 {[%emt 0:01:45]} 22. Qh4 {[%emt 0:03:08]} Qd4 {[%emt 0:02:48]} 23. e5 {[%emt 0:00:20]} dxe5 {[%emt 0:03:09]} 24. Nf3 {[%emt 0:01:28]} Qxb4 {[%emt 0:05:12]} 25. Ng5 {[%emt 0:05:32]} Nf8 {[%emt 0:03:39]} 26. fxe5 {[%emt 0:16:04]} Re7 {[%emt 0:00:48]} 27. Re4 {[%emt 0:05:25]} Qc5 {[%emt 0:13:22]} 28. Ref4 {[%emt 0:03:46]} Rxe5 {[%emt 0:14:14]} 29. Rxf7 {[%emt 0:02:57]} Rxg5 {[%emt 0:11:26]} 30. Qh6 {[%emt 0:01:33]} 1-0

[Event "31st Klatovy A 2025"]
[Site "Klatovy CZE"]
[Date "2025.07.02"]
[Round "5.9"]
[White "Bartak, Josef"]
[Black "Simet, Martin"]
[Result "1/2-1/2"]
[WhiteElo "1953"]
[BlackElo "2151"]
[PlyCount "116"]
[EventDate "2025.06.28"]
[EventType "swiss"]
[EventRounds "9"]
[EventCountry "CZE"]

1. e4 {[%emt 0:00:35]} c6 {[%emt 0:00:07]} 2. c4 {[%emt 0:00:17]} g6 {[%emt 0:00:07]} 3. d4 {[%emt 0:03:37]} Bg7 {[%emt 0:00:05]} 4. Nf3 {[%emt 0:02:03]} d6 {[%emt 0:00:22]} 5. Nc3 {[%emt 0:00:59]} Nf6 {[%emt 0:05:25]} 6. Be2 {[%emt 0:02:53]} Bg4 {[%emt 0:04:03]} 7. Be3 {[%emt 0:01:52]} O-O {[%emt 0:03:37]} 8. O-O {[%emt 0:02:19]} Bxf3 {[%emt 0:17:46]} 9. Bxf3 {[%emt 0:03:22]} e5 {[%emt 0:00:05]} 10. dxe5 {[%emt 0:05:17]} dxe5 {[%emt 0:00:05]} 11. Qc2 {[%emt 0:02:55]} Qe7 {[%emt 0:03:48]} 12. Rfd1 {[%emt 0:11:25]} Nbd7 {[%emt 0:05:45]} 13. Rd2 {[%emt 0:08:51]} Nc5 {[%emt 0:10:03]} 14. Rad1 {[%emt 0:03:18]} Ne6 {[%emt 0:00:13]} 15. a3 {[%emt 0:06:28]} h5 {[%emt 0:15:04]} 16. b4 {[%emt 0:06:00]} Kh7 {[%emt 0:13:14]} 17. Na4 {[%emt 0:04:15]} Bh6 {[%emt 0:02:16]} 18. Bxh6 {[%emt 0:09:28]} Kxh6 {[%emt 0:00:02]} 19. Qc3 {[%emt 0:00:16]} Nd4 {[%emt 0:03:16]} 20. g3 {[%emt 0:01:35]} a5 {[%emt 0:07:21]} 21. Nb6 {[%emt 0:06:45]} Ra6 {[%emt 0:00:10]} 22. c5 {[%emt 0:02:30]} axb4 {[%emt 0:00:06]} 23. axb4 {[%emt 0:00:09]} Nd7 {[%emt 0:04:03]} 24. Nc4 {[%emt 0:03:35]} f6 {[%emt 0:00:53]} 25. Be2 {[%emt 0:01:40]} Rfa8 {[%emt 0:05:27]} 26. Qe3+ {[%emt 0:01:01]} Kh7 {[%emt 0:00:58]} 27. Rxd4 {[%emt 0:08:43]} exd4 {[%emt 0:01:09]} 28. Qxd4 {[%emt 0:00:43]} Nf8 {[%emt 0:06:17]} 29. Nb6 {[%emt 0:01:27]} Rxb6 {[%emt 0:03:52]} 30. cxb6 {[%emt 0:00:07]} Ra4 {[%emt 0:00:03]} 31. Rb1 {[%emt 0:08:39]} Ne6 {[%emt 0:00:13]} 32. Qd2 {[%emt 0:01:36]} Ng5 {[%emt 0:01:26]} 33. f3 {[%emt 0:01:08]} Ra3 {[%emt 0:04:39]} 34. Kf2 {[%emt 0:04:30]} Ra4 {[%emt 0:03:50]} 35. Rd1 {[%emt 0:04:40]} Rxb4 {[%emt 0:03:14]} 36. Qd7 {[%emt 0:00:06]} Qxd7 {[%emt 0:01:09]} 37. Rxd7+ {[%emt 0:00:04]} Kh6 {[%emt 0:00:05]} 38. Rxb7 {[%emt 0:01:09]} Ne6 {[%emt 0:00:04]} 39. Re7 {[%emt 0:01:22]} Nc5 {[%emt 0:00:16]} 40. Rf7 {[%emt 0:00:08]} Rxb6 {[%emt 0:00:38]} 41. Rxf6 {[%emt 0:00:07]} Kg7 {[%emt 0:00:18]} 42. Rd6 {[%emt 0:01:12]} Nb7 {[%emt 0:01:01]} 43. Rd7+ {[%emt 0:00:55]} Kf8 {[%emt 0:00:18]} 44. e5 {[%emt 0:02:03]} c5 {[%emt 0:00:16]} 45. Rc7 {[%emt 0:00:17]} Ke8 {[%emt 0:00:13]} 46. Ke3 {[%emt 0:01:23]} Rb3+ {[%emt 0:01:03]} 47. Ke4 {[%emt 0:02:22]} Rb2 {[%emt 0:00:07]} 48. Ba6 {[%emt 0:01:12]} Nd8 {[%emt 0:00:18]} 49. Rxc5 {[%emt 0:01:31]} Rxh2 {[%emt 0:00:05]} 50. Bb5+ {[%emt 0:00:11]} Ke7 {[%emt 0:00:38]} 51. Rc7+ {[%emt 0:00:04]} Kf8 {[%emt 0:00:05]} 52. Bc4 {[%emt 0:00:36]} h4 {[%emt 0:00:20]} 53. gxh4 {[%emt 0:00:04]} Rxh4+ {[%emt 0:00:04]} 54. Ke3 {[%emt 0:00:13]} Rh1 {[%emt 0:01:09]} 55. Kd2 {[%emt 0:02:21]} Rh5 {[%emt 0:01:09]} 56. f4 {[%emt 0:00:28]} Rf5 {[%emt 0:00:05]} 57. Ke3 {[%emt 0:03:56]} g5 {[%emt 0:00:03]} 58. e6 {[%emt 0:00:25]} Nxe6 {[%emt 0:01:25]} 1/2-1/2